| 000 | 00456nam a2200193Ia 4500 | ||
|---|---|---|---|
| 005 | 20240823022723.0 | ||
| 008 | 240823s9999||||xx |||||||||||||| ||und|| | ||
| 020 | _a81-7809-227-1 | ||
| 041 | _aENGLISH | ||
| 082 | _A153.6 P3 | ||
| 100 | _a"McKenna,Colleen" | ||
| 245 | 0 | _aPowerful Communication Skills | |
| 250 | _a1st | ||
| 260 |
_c2003 _b"Magna,M" _aMumbai |
||
| 500 | _aYES | ||
| 650 |
_aCommunication _bGeneral |
||
| 942 | _cBK | ||
| 999 |
_c179843 _d179843 |
||